000 00762nam a2200265 i 4500
001 C2-0301785
003 PPAK
005 20180728083014.0
008 091224s2008 nyua|||| ||||| | eng d
020 _a0761455108 ; 9780761455103
040 _aPPAK
_beng
_cPPAK
_erda
082 0 4 _a953.57
_223
090 0 0 _a953.57
_bBEN
_dR
100 1 _aBenesh, Gina Crocetti,
_eauthor
245 1 0 _aUnited Arab Emirates
264 1 _aTarrytown, New York :
_bMarshall Cavendish ,
_c2008
300 _a261 pages :
_billustrations ;
_c21 cm
336 _2rdacontent
_atext
337 _2rdamedia
_aunmediated
338 _2rdacarrier
_avolume
490 1 _aCulture shock!
650 1 0 _aEtiquette - United Arab Emirates
830 0 _aCulture shock!
942 _ddc
_cB
999 _c105543
_d105543